Introduction to the qualitative theory of dynamical systems on surfaces /

Guardado en:
Autor Principal: Aranson, S. Kh.
Otros Autores: Belitskii, Genrikh Ruvimovich., Zhuzhoma, E. V.
Formato: Libro
Idioma:English
Russian
Publicado: Providence, R.I. : American Mathematical Society, c1996.
Series:Translations of mathematical monographs, v. 153
Etiquetas: Agregar Etiqueta
Sin Etiquetas, Sea el primero en etiquetar este registro!
LEADER 01038nam a22002415a 4500
001 MAT.inmabb000040
008 960417s1996####riua#####b####000#0#eng##
005 20130402170331.0
245 1 0 |a Introduction to the qualitative theory of dynamical systems on surfaces /  |c S. Kh. Aranson, G.R. Belitsky, E.V. Zhuzhoma ; [translated by H.H. McFaden from an original Russian manuscript]. 
260 |a Providence, R.I. :  |b American Mathematical Society,  |c c1996. 
300 |a xiii, 325 p. :  |b il. ;  |c 26 cm. 
440 0 |a Translations of mathematical monographs,  |x 0065-9282 ;  |v v. 153 
504 |a Includes bibliographical references (p. 321-325). 
510 4 |a MR,  |c 97c:58135 
020 |a 0821803697 
100 1 |a Aranson, S. Kh. 
240 1 0 |a Vvedenie v kachestvennuiu teoriiu dinamicheskikh sistem na poverkhnostiakh.  |l Inglés 
700 1 |a Belitskii, Genrikh Ruvimovich. 
700 1 |a Zhuzhoma, E. V. 
246 1 8 |a Dynamical systems on surfaces 
084 |a 58F25 (34C28 34C35)  |2 MR 
041 1 |a eng  |h rus 
859 |h 37  |i Ar662  |p A-7737  |b BIB. MATEMATICA